The Concise illustrated book of steam trains
| Other Authors: | |
|---|---|
| Format: | Book |
| Published: |
London :
Brian Trodd Publishing ,
1989
|
| Series: | The concise illustrated book of
|
| Subjects: |
MARC
| LEADER | 00000cam a2200000 7i4500 | ||
|---|---|---|---|
| 001 | 0000000594 | ||
| 002 | 000000685 | ||
| 005 | 20080401.0 | ||
| 020 | |a 1853610127 | ||
| 090 | 0 | 0 | |a J 030 |b CON |
| 245 | 0 | 4 | |a The Concise illustrated book of steam trains |c edited by D. Avery |
| 260 | |a London : |b Brian Trodd Publishing , |c 1989 | ||
| 300 | |a 47p. : |b ill. ; |c 16cm. | ||
| 490 | 0 | |a The concise illustrated book of | |
| 650 | 0 | 0 | |a Steam trains |x Juvenile literature |
| 700 | 0 | |a Avery, D | |
| 999 | |a 029963 |b BUKU |c JUNIOR REFERENCE |e PERPUSTAKAAN KOMUNITI PETALING JAYA | ||